01597 2200205 4500001002100000005001500021035002000036008004100056245004500097100001600142250000600158260003800164300001200202084001400214082000800228650001000236520112100246990001201367990001201379INLIS00000000000134020240517080222 a0010-0524000575240517 1 ind 1 aDulu Metal Sekarang Mellow /cReni Erina aErina, Reni a1 aYogyakarta :bSheila/ Andi,c2014 a150 hlm a813 REN d a813 4aFiksi aKau membuat kuberantakan... Kau membuatku tak karuan Bimbim memejamkan mataya menahan bening yang nyaris ke luar. Gina. Kenapa sih, lo tinggalin gue? TIDAK! Dia gak boleh nangis. Cemen banget. Masa anak metal nangis? Sejurus dia terpicing. Anak metal? Lha tapi yang terdengar di radionya ini kan lagu mellow dMassive? Tanpa dia sadari barusan dia ikut bersenandung Penasaran kan dengan kelanjutan ceritanya... ** Remaja punya cerita, remaja punya gaya. Dari yang rame, sampai yang senyap, dari yang metal, sampai yang mellow. Tawa, canda, air mata, dan juga cemburu, melengkapi perjalanan usia yang penuh warna. Trus, gimana dengan perjalanan kisahmu? Mungkin ada dari sekian kisah di dalam buku ini yang mirip atau bahkan benar-benar seperti yang kamu alami? Waktu membawa kita pada masa yang berbeda, dan karenanya kisah pun menjadi beragam. Remaja dan cinta, itu kamu. Itu kita! Dalam buku kumpulan cerpen Dulu Metal Sekarang Mellow, kamu akan menemukan cerita-cerita pendek yang menarik bertemakan warna-warni kehidupan remaja. Ayo segera baca cerita-cerita pendeknya yang menarik dalam buku kumpulan cerpen ini! a0741522 a0741523